000 00411nam a2200181Ia 4500
003 0STCL
008 150530s9999 xx 000 0 und d
040 _aSTCL
_cSTCL
100 _aSeema Sreelayam
245 _aPrakasam Kathayum Karyangalum
250 _a1
260 _bD C Books ; Kottayam
_c2007
300 _a0
546 _aMalayalam
942 _2ddc
_cBK
999 _c17993
_d17993
005 20220125165818.0